[Event "Prague Festival Masters 2019"]
[Site "Prague"]
[Date "2019.03.10"]
[Round "5.1"]
[White "Harikrishna, Pentala"]
[Black "Rapport, Richard"]
[Result "1/2-1/2"]
[WhiteElo "2730"]
[BlackElo "2738"]
[Annotator "TA"]
[PlyCount "83"]
[EventDate "2019.03.06"]
[EventType "tourn"]
[EventCountry "CZE"]
[SourceTitle "playchess.com"]
[Source "ChessBase"]
[SourceQuality "1"]

{[%evp 15,83,25,33,0,0,-9,-7,-11,-3,-6,0,-7,-2,-20,0,0,0,0,0,-3,0,0,0,-31,-23,-40,-37,-29,-32,-32,0,0,0,0,0,0,0,0,0,0,0,0,15,0,0,0,16,16,33,0,22,0,16,0,0,0,0,0,24,0,0,0,0,0,0,0,0,0,0,0]} 1. e4 e6 2. d4 d5 3. Nc3 Bb4 4. exd5 exd5 5. Bd3 c6 6. Qf3 Qf6 7. Bf4 {C01: French: Exchange Variation} (7. Be3 Qxf3 8. Nxf3 Ne7 9. Nh4 Nd7 10. h3 Nf8 11. O-O-O Nfg6 12. Nxg6 hxg6 13. g4 Bxc3 14. bxc3 Be6 {1-0 (65) Pridorozhni,A (2573)-Sivuk,V (2545) Cheliabinsk 2018}) 7... Ne7 8. Qg3 Nd7 {[%cal Bb8d7,Bd7f8,Bf8e6,Be6f4][%mdl 32] LiveBook: 5 Games} 9. Nf3 {White is slightly better.} Ng6 10. Bc7 Ndf8 $146 ({Predecessor:} 10... Qe7+ 11. Kd2 Nf6 12. Rae1 Ne4+ 13. Bxe4 dxe4 14. Rxe4 Qxe4 {1-0 (35) Reichstein,H (2235)-Haas,S (2240) Germany 1999}) 11. a3 Be7 $1 12. O-O-O $132 {[%mdl 2048] White is not keeping still} Ne6 13. Bd6 $1 Bxd6 14. Qxd6 {Threatens to win with Nxd5!} Qf4+ 15. Qxf4 Nexf4 16. Rde1+ Kf8 17. Bf1 Bg4 18. Nd2 {[%cal Bf3d2,Bd2b3,Bb3d4][%mdl 32]} h5 19. f3 (19. Nd1 {is more complex.} Ne7 20. Ne3 Re8 21. h3 Bd7 22. h4) 19... Bf5 20. g3 Ne6 21. Nb3 Re8 22. h4 Bxc2 23. Kxc2 {[#] Black must now prevent Bh3.} Nxd4+ $1 24. Nxd4 Rxe1 25. f4 Re8 26. b4 Ne7 27. Bd3 Nc8 28. Kd2 Nd6 29. Nce2 a6 30. Rc1 Rh6 31. a4 Rc8 32. Rc5 {[%mdl 1024] White has compensation.} Ke8 33. Nc3 Kf8 34. a5 Rd8 35. Nce2 Ke8 36. Rc1 Kd7 37. Nc3 Re8 {The position is equal.} 38. Na4 Kc7 39. Nc5 Rf6 40. Rc3 Rh6 41. Rc1 Rf6 42. Rc3 {Precision: White = 62%, Black = 70%.} 1/2-1/2

[Event "Prague Festival Masters 2019"]
[Site "Prague"]
[Date "2019.03.10"]
[Round "5.2"]
[White "Laznicka, Viktor"]
[Black "Vidit, Santosh Gujrathi"]
[Result "1/2-1/2"]
[WhiteElo "2670"]
[BlackElo "2711"]
[Annotator "TA"]
[PlyCount "69"]
[EventDate "2019.03.06"]
[EventType "tourn"]
[EventCountry "CZE"]
[SourceTitle "playchess.com"]
[Source "ChessBase"]
[SourceQuality "1"]

{[%evp 20,69,0,0,-9,-9,0,0,14,0,8,0,0,0,0,0,-4,-4,-6,0,4,0,0,0,14,15,14,16,11,0,0,0,0,3,17,0,0,0,0,0,0,-21,0,0,0,0,0,0,0,0,0,0]} 1. c4 e5 2. Nc3 Nf6 3. g3 d5 4. cxd5 Nxd5 5. Bg2 Nb6 6. Nf3 Nc6 7. O-O Be7 8. d3 O-O 9. a3 Re8 10. Be3 Bf8 11. Rc1 {The position is equal.} Nd4 {A29: English Opening: Four Knights Variation with 4 g3} 12. Ne4 {[%cal Bc3e4,Be4c5,Bc5b3][%mdl 32]} c6 13. b4 (13. Bg5 f6 14. Nxd4 exd4 15. Bd2 Be6 16. Re1 Bd5 17. Qc2 Qd7 18. b4 Rad8 19. Qb2 {0-1 (73) Nepomniachtchi,I (2767)-Karjakin,S (2785) Doha 2016}) 13... Bg4 14. Bxd4 exd4 15. Nc5 Rb8 $146 ({Predecessor:} 15... Bxc5 16. Rxc5 Qf6 17. h3 Bxf3 18. Bxf3 Re5 19. Rxe5 Qxe5 {1-0 (66) Nadezhdin,D (2210)-Barbitskij,A St Petersburg 1997}) 16. Nb3 Bxf3 17. Bxf3 g6 18. Nc5 Nd5 19. Qb3 Nc3 20. Ne4 Nxe4 21. Bxe4 Kg7 22. Rc4 f5 23. Bf3 Qf6 24. Qb2 Red8 25. b5 c5 26. Ra4 Qb6 $1 27. e4 f4 28. e5 fxg3 29. hxg3 Re8 30. Qe2 Qxb5 31. Rxa7 Qb6 32. Ra4 Qb3 33. Ra7 Qb6 34. Ra4 Qb3 35. Ra7 {Accuracy: White = 80%, Black = 78%.} 1/2-1/2

[Event "Prague Festival Masters 2019"]
[Site "Prague"]
[Date "2019.03.10"]
[Round "5.3"]
[White "Shankland, Samuel"]
[Black "Vitiugov, Nikita"]
[Result "1/2-1/2"]
[WhiteElo "2731"]
[BlackElo "2726"]
[Annotator "TA"]
[PlyCount "73"]
[EventDate "2019.03.06"]
[EventType "tourn"]
[EventCountry "CZE"]
[SourceTitle "playchess.com"]
[Source "ChessBase"]
[SourceQuality "1"]

{[%evp 12,73,27,1,13,0,0,-8,0,0,-2,5,10,0,21,20,21,24,20,10,11,11,34,23,33,15,38,35,35,35,35,34,29,8,16,16,16,12,15,10,18,6,5,6,25,24,46,8,18,11,63,55,56,60,60,51,50,41,39,26,19,0,26,8]} 1. d4 Nf6 2. c4 e6 3. Nf3 d5 4. Nc3 Nbd7 {[%cal Bb8d7,Bd7f6,Bf6d5][%mdl 32]} 5. cxd5 exd5 6. Bf4 c6 7. h3 Ne4 {D35: Queen's Gambit Declined: Exchange Variation} (7... Bb4 8. Nd2 Nf8 9. e3 Ng6 10. Bh2 Bf5 11. g4 Be6 12. Bd3 O-O 13. O-O Nd7 14. a3 Bxc3 15. bxc3 {0-1 (53) Le,Q (2739)-Karjakin,S (2773) Saint Louis 2017}) 8. Nxe4 (8. e3 {keeps more tension.} Bb4 9. Qc1 Qa5 10. Nd2 Ndf6 11. Bd3) 8... dxe4 9. Nd2 $1 Nf6 {With the idea ...Nd5.The position is equal.} 10. e3 Nd5 11. Be5 f6 12. Bg3 $146 ({Predecessor:} 12. Bh2 f5 13. Bc4 Be6 14. O-O Bb4 15. a3 Bd6 16. Bxd6 Qxd6 17. Qh5+ g6 18. Qe2 O-O 19. Rac1 Rae8 20. Bxd5 Bxd5 21. Nc4 Qe7 {½-½ (21) Slipak,S (2498)-Radulski,J (2487) Bled 2002}) 12... Bb4 (12... f5 {feels hotter.} 13. Be5 Be6 14. Qh5+ g6 15. Qd1 Rg8) 13. a3 Bxd2+ $1 14. Qxd2 O-O 15. Be2 Be6 16. O-O Qd7 17. Rfc1 f5 18. Be5 Qf7 19. b4 f4 20. exf4 Nxf4 21. Bf1 Rad8 22. Rc3 Ng6 23. Bg3 Qf6 24. Rd1 a6 25. a4 Bd5 26. b5 axb5 27. axb5 Qe6 28. Ra1 Ra8 29. Qb2 (29. Rca3 {with more complications.} Rxa3 30. Rxa3 Ne7 31. bxc6 Nxc6 32. Rc3) 29... Rxa1 30. Qxa1 cxb5 (30... h5 $11) 31. Bxb5 $14 Rc8 32. Rxc8+ Qxc8 33. Qa3 h6 34. Qd6 Qe6 35. Qd8+ Kh7 36. Kh2 Bc6 37. Bxc6 {Accuracy: White = 40%, Black = 52%.} 1/2-1/2

[Event "Prague Festival Masters 2019"]
[Site "Prague"]
[Date "2019.03.10"]
[Round "5.4"]
[White "Navara, David"]
[Black "Wojtaszek, Radoslaw"]
[Result "1/2-1/2"]
[WhiteElo "2739"]
[BlackElo "2722"]
[Annotator "TA"]
[PlyCount "70"]
[EventDate "2019.03.06"]
[EventType "tourn"]
[EventCountry "CZE"]
[SourceTitle "playchess.com"]
[Source "ChessBase"]
[SourceQuality "1"]

{[%evp 23,70,21,22,10,16,14,27,17,31,17,21,-29,-22,-33,75,65,67,76,82,70,72,89,98,108,94,114,108,103,106,110,263,247,416,414,415,0,0,0,0,0,0,0,0,0,0,0,0,0,0]} 1. e4 c5 2. Nf3 d6 3. d4 cxd4 4. Nxd4 Nf6 5. Nc3 a6 6. Be3 e5 7. Nb3 Be6 8. f3 Be7 9. Qd2 O-O 10. O-O-O Nbd7 11. g4 b5 12. g5 Nh5 13. Kb1 {B90: Sicilian Najdorf: Unusual White 6th moves, 6 Be3 Ng4 and 6 Be3 e5} Nb6 14. Na5 {Hoping for Nc6.} (14. Nd5 Nxd5 15. exd5 Bd7 16. Na5 Rc8 17. Bd3 Qc7 18. Rhg1 f5 19. gxf6 Bxf6 20. Nc6 Kh8 {1-0 (47) Wang,H (2730)-Najer,E (2670) St Petersburg 2018}) 14... Rc8 15. a3 {White has an edge.} g6 16. h4 $1 Ng3 17. Rh2 Nxf1 18. Rxf1 {[#]} h5 $146 (18... Na4 $1 $15 {keeps the upper hand.} 19. Nxa4 bxa4) ({Predecessor:} 18... Na4 19. Nxa4 bxa4 {½-½ (33) Jonsson,D (2531)-Burg,T (2589) ICCF email 2014}) 19. Bxb6 Qxb6 20. Nd5 $36 {[%mdl 2048] Keeping Black busy.} Bxd5 21. exd5 f5 22. gxf6 Bxf6 23. Rg2 {Qh6 is the strong threat.} Kh7 24. Nc6 {And now f4 would win.} Qc5 {[#]} 25. Qd3 $1 {[%cal Rd3g6]} Rg8 26. f4 e4 $2 {[#]} (26... Qc4 $16 {was necessary.}) 27. Qd1 $1 $18 ({Weaker is} 27. Qxe4 Rce8 $14) 27... Kh6 $2 (27... Qe3) 28. f5 {Threatens to win with fxg6.} gxf5 29. Rxg8 $2 (29. Rgf2 $18 Bxh4 30. Rxf5) 29... Rxg8 $11 {The position is equal.} 30. Rxf5 {[%mdl 64] Double Attack} Rg6 $1 31. Qf1 Rg1 (31... Bxh4 $5 32. Qf4+ $8 Bg5 33. Rxg5 Rxg5 34. Qf6+ Rg6 35. Qf8+ Kg5 36. Qe7+ {[%mdl 64] Double Attack} Kf4 37. Qf7+ {[%mdl 64] Double Attack} Kg5 $11) 32. Rxf6+ Kh7 (32... Kg7 $5 33. Rf7+ $8 Kh8 34. Rf8+ Kg7 35. Rf7+ Kh8 36. Rf8+ Kh7 37. Rf7+ Kh8 $11) 33. Rf7+ Kh6 (33... Kh8 $5 34. Rf8+ $8 Kh7 35. Rf7+ Kh8 36. Rf8+ Kh7 37. Rf7+ $11) 34. Rf6+ Kh7 35. Rf7+ Kh6 {Accuracy: White = 93%, Black = 49%.} (35... Kh8 $5 36. Rf8+ $8 Kh7 37. Rf7+ $11) 1/2-1/2

[Event "Prague Festival Masters 2019"]
[Site "Prague"]
[Date "2019.03.10"]
[Round "5.5"]
[White "Gelfand, Boris"]
[Black "Duda, Jan-Krzysztof"]
[Result "1/2-1/2"]
[WhiteElo "2655"]
[BlackElo "2731"]
[Annotator "TA"]
[PlyCount "49"]
[EventDate "2019.03.06"]
[EventType "tourn"]
[EventCountry "CZE"]
[SourceTitle "playchess.com"]
[Source "ChessBase"]
[SourceQuality "1"]

{[%evp 19,49,14,14,14,22,18,20,14,31,41,59,63,55,57,57,57,57,59,52,39,40,34,45,45,55,47,47,0,39,0,45,0]} 1. Nf3 d5 2. d4 Nf6 3. c4 e6 4. g3 Be7 5. Bg2 O-O 6. O-O dxc4 7. Qc2 c6 8. Qxc4 b5 9. Qd3 Bb7 10. Nc3 Nbd7 11. Be3 {D43: Semi-Slav: 5 Bg5 h6} b4 (11... a6 12. a4 Nd5 13. Ne4 Qb6 14. a5 Qc7 15. Rfc1 h6 16. Bd2 Rad8 17. Qb1 e5 18. dxe5 Nxe5 19. Nxe5 Qxe5 {1-0 (53) Vidit,S (2707)-Johansson,L (2457) Malmo 2018}) 12. Ne4 Nxe4 $146 ({Predecessor:} 12... Nd5 13. Neg5 g6 14. Ne4 Qb6 15. Rac1 Rfd8 16. Rfd1 Rac8 17. h3 Ba6 18. Qd2 Bb5 19. Bh6 c5 20. dxc5 Nxc5 21. Nxc5 Bxc5 22. Qe1 Ba4 23. Rd3 Bb5 24. Rdd1 Ba4 25. Rd3 {½-½ (25) Jedrzejowski,M (2502)-Nasibullin,V (2547) ICCF email 2006}) 13. Qxe4 {The position is equal.} Qb6 14. Ng5 Bxg5 15. Bxg5 Rfb8 16. Qg4 f5 17. Qh4 c5 18. dxc5 Nxc5 19. Bxb7 Rxb7 20. Qc4 Ne4 21. Be3 Rc7 22. Qb3 Nc5 23. Qc4 Ne4 24. Qb3 Nc5 25. Qc4 {Accuracy: White = 46%, Black = 60%.} 1/2-1/2

[Event "Prague Festival Masters 2019"]
[Site "Prague"]
[Date "2019.03.12"]
[Round "6.1"]
[White "Laznicka, Viktor"]
[Black "Harikrishna, Pentala"]
[Result "1/2-1/2"]
[WhiteElo "2670"]
[BlackElo "2730"]
[Annotator "TA"]
[PlyCount "56"]
[EventDate "2019.03.06"]
[EventType "tourn"]
[EventCountry "CZE"]
[SourceTitle "playchess.com"]
[Source "ChessBase"]
[SourceQuality "1"]

{[%evp 18,56,36,29,31,14,30,20,23,8,0,0,13,18,20,4,8,0,6,0,18,0,0,6,44,42,53,0,0,0,0,0,0,0,0,0,0,0,0,0,0]} 1. c4 e6 2. Nf3 d5 3. e3 dxc4 4. Bxc4 a6 5. b3 Nf6 6. Bb2 c5 7. O-O Nc6 8. d4 cxd4 9. Nxd4 Bd7 10. Nd2 Be7 {D27: Queen's Gambit Accepted: Classical main line: 7 e4!? and 7 a4} 11. N4f3 O-O 12. Rc1 Rc8 13. Ng5 $146 ({Predecessor:} 13. Qe2 Nb4 14. a3 b5 15. axb4 bxc4 16. Nxc4 Bxb4 {½-½ (58) Giri,A (2771)-Caruana,F (2823) London 2016}) 13... h6 14. Nge4 Nb4 15. a3 Nbd5 16. Qe2 Nxe4 17. Nxe4 Nf6 18. Bd3 Bc6 19. Rcd1 (19. Rfd1 {is more complex.} Bxe4 20. Bxe4 Rxc1 21. Bxc1 Qb6 22. Bc2) 19... Nxe4 20. Bxe4 Bxe4 21. Rxd8 Rfxd8 22. Rc1 (22. Qg4 $14 Bg6 23. b4) 22... Rxc1+ $11 {The position is equal.} 23. Bxc1 Bd3 24. Qd1 Bg6 {[%cal Rd8d1] [#]} 25. Qe2 Bd3 26. Qd1 Be4 {[%cal Rd8d1]} 27. Qe2 Bd3 28. Qd1 Be4 {Accuracy: White = 40%, Black = 73%.} 1/2-1/2

[Event "Prague Festival Masters 2019"]
[Site "Prague"]
[Date "2019.03.12"]
[Round "6.2"]
[White "Rapport, Richard"]
[Black "Navara, David"]
[Result "1/2-1/2"]
[WhiteElo "2738"]
[BlackElo "2739"]
[Annotator "TA"]
[PlyCount "105"]
[EventDate "2019.03.06"]
[EventType "tourn"]
[EventCountry "CZE"]
[SourceTitle "playchess.com"]
[Source "ChessBase"]
[SourceQuality "1"]

{[%evp 9,105,0,-2,1,6,0,12,12,21,20,22,28,45,46,30,25,25,24,20,35,35,21,33,29,28,8,28,33,34,30,49,44,68,70,115,106,114,101,100,52,59,55,67,66,53,64,60,58,58,58,61,28,33,28,46,35,35,35,58,58,58,58,58,58,54,54,54,54,56,30,30,30,35,30,30,30,30,30,30,30,30,30,61,59,56,55,66,22,22,19,68,68,316,316,316,316,316,316]} 1. c4 e5 2. b3 Nf6 3. Bb2 Nc6 4. Nf3 (4. e3 g6 5. d3 Bg7 6. Nf3 d6 7. Be2 O-O 8. a3 Nd7 9. Nc3 a5 10. O-O Re8 11. Nd2 Nc5 12. Nd5 {½-½ (39) Topalov,V (2761)-Aronian,L (2792) Paris 2016}) 4... e4 5. Nd4 Bc5 6. Nf5 {A01: Nimzowitsch-Larsen Opening} O-O 7. e3 d5 8. cxd5 {The position is equal.} Qxd5 (8... Nb4 $5 {[%cal Rc8f5]} 9. Ng3 Nbxd5 $11) 9. Ng3 Ne5 10. Nc3 Nd3+ 11. Bxd3 $1 Qxd3 12. Qe2 $146 ({Predecessor:} 12. Qb1 Qxb1+ 13. Rxb1 {½-½ (53) Nothnagel,H (2305)-Rasik,V (2465) Germany 1999}) 12... Re8 13. Rc1 {With the idea Nb5.} Bb6 14. f3 Qxe2+ 15. Kxe2 {[%cal Rg3e4]} exf3+ 16. gxf3 c6 17. Rhg1 $36 {[%mdl 2048] White is more active.} Bd4 18. Kf2 Be5 19. d4 Bc7 20. Nce4 {[#] Threatens to win with Nxf6+.} Nxe4+ 21. Nxe4 Re6 22. d5 $1 {[%cal Rd5e6]} Rg6 23. dxc6 bxc6 24. h4 Bd8 25. h5 Bh4+ 26. Ke2 Rxg1 27. Rxg1 g6 28. Nf6+ Bxf6 29. Bxf6 $14 {[%mdl 4096] Endgame KRB-KRB} c5 30. h6 Be6 31. e4 a5 32. f4 Ra6 33. Be7 {f5 is the strong threat.} c4 34. f5 cxb3 {White should prevent ...Bc4+.} 35. fxe6 Rxe6 {KRB-KR} 36. Bc5 bxa2 37. Kd3 f5 38. exf5 Re5 39. Bd4 (39. Be3 {with more complications.} Rd5+ 40. Ke4 Rb5 41. Ra1 gxf5+ 42. Kd4) 39... Rxf5 40. Ra1 Kf7 41. Rxa2 {Strongly threatening Rb2.} g5 $1 42. Rb2 {aiming for Rb6.} Kg6 $1 43. Rb6+ Kh5 44. Ra6 a4 45. Ke3 ({Resist} 45. Rxa4 $6 Kxh6 46. Ra6+ Kh5 $16) 45... a3 46. Bg7 ({Much less strong is} 46. Rxa3 Kxh6 47. Ra6+ Kh5 $16) 46... g4 47. Ke4 Rg5 48. Rxa3 {[#] And now Kf4 would win.} g3 49. Ra1 {Hoping for Kf3.} g2 50. Rg1 {Black must now prevent Ke3.} Rg4+ $2 (50... Rg3 $14) 51. Kf3 $18 {White has a decisive advantage.} Kh4 {Black hopes to continue with ...Kh3.} 52. Rxg2 Rxg2 53. Kxg2 {[%mdl 32768] Accuracy: White = 80%, Black = 64%. . An unexpected result.} 1/2-1/2

[Event "Prague Festival Masters 2019"]
[Site "Prague"]
[Date "2019.03.12"]
[Round "6.3"]
[White "Wojtaszek, Radoslaw"]
[Black "Gelfand, Boris"]
[Result "1/2-1/2"]
[WhiteElo "2722"]
[BlackElo "2655"]
[Annotator "TA"]
[PlyCount "33"]
[EventDate "2019.03.06"]
[EventType "tourn"]
[EventCountry "CZE"]
[SourceTitle "playchess.com"]
[Source "ChessBase"]
[SourceQuality "1"]

{[%evp 14,33,0,0,-14,-6,8,0,0,0,0,0,0,0,0,0,0,0,0,0,0,0]} 1. c4 c5 2. Nf3 Nc6 {[%cal Bb8c6,Bc6e5,Be5c4][%mdl 32]} 3. d4 cxd4 4. Nxd4 Nf6 5. Nc3 e6 6. g3 Qb6 7. Ndb5 Ne5 8. Bg2 {The position is equal.} a6 {A33: Symmetrical English: 2 Nf3 Nf6 3 d4 cxd4 4 Nxd4 e6 5 Nc3 Nc6} 9. Na4 (9. Qa4 Rb8 10. Be3 Bc5 11. Bxc5 Qxc5 12. Qa3 b6 13. Nd6+ Ke7 14. Qxc5 bxc5 15. Nxc8+ Rhxc8 16. b3 d5 17. cxd5 {1-0 (47) Ivanchuk,V (2708)-Saric,I (2685) Mali Losinj 2018}) 9... Qd8 10. Nbc3 Nxc4 11. b3 $146 ({Predecessor:} 11. O-O d5 12. b3 Nd6 13. Bf4 Be7 14. Rc1 O-O 15. Qd3 Bd7 16. Nc5 {0-1 (44) Lederer,Y (2259)-Macieja,B (2530) Chicago 2017}) 11... Ne5 12. Be3 d5 13. Bb6 $1 {[%cal Rb6d8]} Qd6 14. Bc5 Qd8 15. Bb6 Qd6 16. Bc5 Qd8 17. Bb6 1/2-1/2

[Event "Prague Festival Masters 2019"]
[Site "Prague"]
[Date "2019.03.12"]
[Round "6.4"]
[White "Vidit, Santosh Gujrathi"]
[Black "Vitiugov, Nikita"]
[Result "1/2-1/2"]
[WhiteElo "2711"]
[BlackElo "2726"]
[Annotator "TA"]
[PlyCount "54"]
[EventDate "2019.03.06"]
[EventType "tourn"]
[EventCountry "CZE"]
[SourceTitle "playchess.com"]
[Source "ChessBase"]
[SourceQuality "1"]

{[%evp 15,54,37,51,56,58,43,42,35,56,51,51,36,50,57,57,56,50,0,0,0,0,0,42,32,43,35,46,0,0,0,0,0,0,0,0,0,0,0,0,0,0]} 1. d4 Nf6 2. c4 e6 3. g3 d5 4. Bg2 dxc4 5. Nf3 c6 6. Ne5 Bb4+ 7. Bd2 {E04: Open Catalan: 5 Nf3} Be7 8. e3 b5 {LiveBook: 5 Games} 9. Nxc6 {White is slightly better.} Nxc6 10. Bxc6+ Bd7 11. Bxa8 Qxa8 12. f3 e5 13. dxe5 (13. O-O exd4 14. exd4 O-O {½-½ (39) Michalik,P (2549)-Harikrishna,P (2738) Czech Republic 2018}) 13... Ng4 $1 14. O-O Nxe5 15. Bc3 Nd3 $1 {[#]} 16. b3 $146 {[#] bxc4 is the strong threat.} ({Much less strong is} 16. Bxg7 $6 Rg8 $16) 16... O-O 17. bxc4 bxc4 18. Nd2 Bh3 19. Nxc4 Bxf1 20. Kxf1 Rd8 {[#] Strongly threatening ...Nb2!} 21. Bd4 Bf6 $1 {The position is equal.} 22. Bxf6 gxf6 23. Qe2 Qc8 $1 {[%cal Rc8c4]} 24. Nd2 Nc1 $1 {[%cal Rc1e2]} 25. Qe1 Nd3 {( -> ...Qh3+)} 26. Qe2 Nc1 $1 {[%cal Rc1e2]} 27. Qe1 Nd3 {Precision: White = 77%, Black = 88%.} 1/2-1/2

[Event "Prague Festival Masters 2019"]
[Site "Prague"]
[Date "2019.03.12"]
[Round "6.5"]
[White "Duda, Jan-Krzysztof"]
[Black "Shankland, Samuel"]
[Result "1/2-1/2"]
[WhiteElo "2731"]
[BlackElo "2731"]
[Annotator "TA"]
[PlyCount "71"]
[EventDate "2019.03.06"]
[EventType "tourn"]
[EventCountry "CZE"]
[SourceTitle "playchess.com"]
[Source "ChessBase"]
[SourceQuality "1"]

{[%evp 16,71,-6,2,23,0,16,7,10,5,21,0,7,7,7,7,7,4,3,3,3,3,3,4,4,5,8,4,10,4,9,0,8,10,3,0,0,0,0,0,0,0,0,0,0,0,2,0,0,0,0,0,0,0,0,0,0,0]} 1. Nf3 Nf6 2. c4 c5 3. b3 e6 4. Bb2 Be7 5. g3 b6 6. Bg2 Bb7 7. O-O O-O 8. Nc3 d5 9. e3 Qc8 {A14: English Opening: 1...e6 with b3 by White} (9... dxc4 10. bxc4 Nc6 11. Qe2 Rc8 12. Rfd1 Qc7 13. Ne1 Rfd8 14. f4 a6 15. g4 Ne8 16. Rab1 Nd6 17. Ba1 Na5 18. d3 Bc6 19. Qb2 Bf6 20. g5 Bxc3 21. Qxc3 {1-0 (52) Mamedov,R (2703)-Kovalev,V (2683) St Petersburg 2018}) 10. Qe2 Rd8 {The position is equal.} 11. cxd5 Nxd5 12. Rfd1 Nc6 13. d4 Nxc3 $146 ({Predecessor:} 13... Ba6 14. Nb5 Bf6 15. Rac1 Qd7 16. a4 Ndb4 17. dxc5 {1-0 (46) Patrascu,C (2227)-Haria,R (2398) Montevideo 2017}) 14. Bxc3 cxd4 15. Bxd4 Nxd4 16. Nxd4 Bxg2 17. Kxg2 Qb7+ 18. Qf3 Qxf3+ 19. Kxf3 Rac8 20. Rac1 Kf8 21. Nb5 a6 22. Rxd8+ Rxd8 $11 {[%mdl 4096] Endgame KRB-KRN} 23. Nc7 a5 24. Rc6 Rd6 25. Rxd6 Bxd6 {KB-KN} 26. Nb5 Ke7 27. Ke4 Kd7 28. Kd4 Kc6 29. Na7+ Kb7 30. Nb5 Kc6 31. a4 g6 32. Kc4 Bc5 33. Nc3 f5 34. Nd1 Ba3 35. h3 Bd6 36. Kd3 {Accuracy: White = 71%, Black = 76%.} 1/2-1/2

[Event "Prague Festival Masters 2019"]
[Site "Prague"]
[Date "2019.03.13"]
[Round "7.1"]
[White "Navara, David"]
[Black "Laznicka, Viktor"]
[Result "1-0"]
[WhiteElo "2739"]
[BlackElo "2670"]
[Annotator "TA"]
[PlyCount "77"]
[EventDate "2019.03.06"]
[EventType "tourn"]
[EventCountry "CZE"]
[SourceTitle "playchess.com"]
[Source "ChessBase"]
[SourceQuality "1"]

{[%evp 12,77,19,16,20,13,18,24,6,24,19,27,14,18,23,0,0,0,-7,-12,34,26,68,52,61,83,190,49,43,0,0,0,0,0,69,78,121,135,131,58,93,102,113,112,99,83,503,535,522,524,925,515,504,489,529,501,431,504,506,494,557,539,546,552,545,538,511,510]} 1. e4 e5 2. Nf3 Nc6 3. d4 exd4 4. Nxd4 Bc5 5. Nb3 Bb6 6. Nc3 d6 7. Qe2 Nge7 {C45: Scotch Game} 8. Be3 O-O 9. O-O-O f5 {White has an edge.} 10. f4 fxe4 11. g3 {[%cal Bg2g3,Bg3g4][%mdl 32]} Bxe3+ 12. Qxe3 Nf5 13. Bc4+ Kh8 $1 14. Qe2 {[#]} ({Reject} 14. Qxe4 Re8 $17) 14... e3 $146 15. Rhf1 Re8 (15... a5 $5 {[%cal Ra5a4]} 16. g4 a4 17. gxf5 axb3 18. Bxb3 Bxf5 19. Qxe3 Na5 $15) 16. g4 {[%mdl 1024] White has compensation.} Nh4 17. h3 a5 {[#]} 18. Nc5 $1 {[%mdl 512]} a4 (18... Nb4 $16) (18... dxc5 19. Rxd8) 19. a3 (19. N5e4 $18) 19... Na5 $1 $14 {[%cal Ra5c4]} 20. Bf7 Re7 21. Ba2 b6 22. Nd3 Ba6 (22... c6 $1 $11) 23. f5 $1 Qd7 24. f6 $36 {[%mdl 2048] White is in control.} gxf6 25. Nd5 (25. Rxf6 $16 Ng6 26. Qf3) 25... Re5 26. Nxe5 fxe5 27. c4 Ng6 28. h4 {[%cal Bh3h4,Bh4h5][%mdl 32]} Nxc4 $2 {[%mdl 8192]} ({Don't go for} 28... Nxh4 $2 29. Rh1 $18) (28... Nb3+ $16 29. Bxb3 axb3) 29. Bxc4 $18 {White is clearly winning.} Qc6 30. Nxe3 b5 31. h5 Nf4 32. Qc2 {Threatens to win with Qf5.} Qc5 33. Nd5 {aiming for Rxf4.} Qxc4 34. Qxc4 bxc4 35. Nxc7 {[%mdl 64] [#] Discovered Attack} Ra7 36. Rxd6 Rxc7 37. h6 {[%cal Rd6d8]} Kg8 {...Bc8 is the strong threat.} 38. Rxa6 c3 39. Rxa4 {Accuracy: White = 64%, Black = 52%.} 1-0